A Importancia da seguranȧ, higiene e sad͠e no trabalho, na empresa Texeira Duarte (Record no. 2237)

MARC details
000 -Etiqueta do registo
Campo de controlo de comprimento fixo 00512 a2200169 4500
040 ## - Fonte de Catalogação
Agência de catalogação Biblioteca de Posgraduação- Universidade Lusíada de Angola
082 ## - DEWEY DECIMAL CLASSIFICATION NUMBER
Classificador- CDU 043.2/SIL/I 658.3/SIL/I
Prateleira/Colocação 3
100 ## - Nome Pessoal
9 (RLIN) 1059
Autor SILVA, Yara Isabel Magalhães da
245 ## - Declaração de Título
Título A Importancia da seguranȧ, higiene e sad͠e no trabalho, na empresa Texeira Duarte
250 ## - Indicação da edição
Edição 1ª Edição
260 ## - Publicação e Destribuíção
Data de edição/distribuição Luanda 2023
300 ## - Descrição Física
Nº Pág. 101p.
600 #0 - Nome pessoal
Autor SILVA, Yara Isabel Magalhães da
650 ## - MATERIA
MATERIA Recursos Humanos
700 ## - Entrada secundária - Nome pessoal
Autor Yara Isabel Magalhães da Silva
942 ## - - Elementos de entrada adicionados (koha)
Tipo de documento Dissertações de Grado e Mestrado
Holdings
Withdrawn status Lost status Source of classification or shelving scheme Damaged status Not for loan Permanent Location Current Location Date acquired Total Checkouts Full call number Date last seen Price effective from Koha item type
    Dewey Decimal Classification     Biblioteca de Posgraduação- Universidade Lusíada de Angola Biblioteca de Posgraduação- Universidade Lusíada de Angola 24/04/2026   043.2/SIL/I 658.3/SIL/I 24/04/2026 24/04/2026 Dissertações de Grado e Mestrado
    Dewey Decimal Classification     Biblioteca de Posgraduação- Universidade Lusíada de Angola Biblioteca de Posgraduação- Universidade Lusíada de Angola 24/04/2026   043.2/SIL/I 658.3/SIL/I 24/04/2026 24/04/2026 Dissertações de Grado e Mestrado